000 00399nam a2200145Ia 4500
008 230411s9999 xx 000 0 und d
020 _a978-93-5152-589-9
041 _aeng
082 _aAD/610.6/CLE/B08209
100 _aClement I
_9119826
245 _aTextbook on Ward Management in Nursing Practice
260 _bJaypee Brothers
_aNew Delhi
_c2015
300 _a422p
999 _c158039
_d158039